000 01184nam a22003137a 4500
001 03597
003 HDC
007 cr bn ---aaaaa
008 210111t2016 flu||||| |||| 00| 0 eng
020 _a1-56670-563-0
040 _aHDC
100 _aKiniry, James R.
_eauthor
_93153
245 0 _aAgricultural System Models In Field Research And Technology Transfer. Chapter 10 :
_bApplications of Models with Different Spatial Scales / by
_cJames R. Kiniry, Jeffrey G. Arnold, and Yun Xie
260 _a Boca Raton, Florida:
_bCRC Press,
_c2016
300 _a2 1 pages
336 _atext
_2rdacontent
337 _acomputer
_2rdamedia
338 _aonline resource
_2rdacarrier
500 _aIncludes bibliographical references
650 _aAgricultural System
_93107
650 _aTechnology transfer
_93109
650 _aUser-oriented models
_93168
700 _aArnold, Jefferey G.
_eauthor
_93169
700 _aYun, Xie
_eauthor
_93170
856 _zRequest full-text at [email protected]
942 _2lcc
942 _cCHAP
942 _kEBCH-2016-001629
999 _c933
_d933